00275nam a2200121Ia 45000030006000000080041000060400015000471000015000622450028000772600019001055460012001240050017001360STCL150530s9999 xx 000 0 und d aSTCLcSTCL aWard, A.C. aTwentieth century prose bLongmansc1962 aEnglish20220125170857.0